000 00346 a2200157 4500
001 71916
020 _a8508095104
040 _cAnchieta - Colégio São Paulo
100 _aMachado, Ana Maria
240 1 0 _aProcura-se lobo
_lpor
245 1 0 _aProcura-se lobo
300 _a40
362 0 _a2006
650 4 _aLiteratura infantil
942 _cBK
999 _c71916
_d71916